Within with him/ (Record no. 189520)

MARC details
000 -LEADER
fixed length control field 00635nam a22001937a 4500
005 - DATE AND TIME OF LATEST TRANSACTION
control field 20220704123114.0
010 ## - LCCN (DPL NO)
LC control number ENG-133430
020 ## - INTERNATIONAL STANDARD BOOK NUMBER
International Standard Book Number 9789381351970
Terms of availability 350.00
035 ## - SYSTEM CONTROL NUMBER
System control number EN-116962
037 ## - SOURCE OF ACQUISITION
Source of stock number/acquisition DBAD/PUB
082 ## - DEWEY DECIMAL CLASSIFICATION NUMBER
Classification number 181.41
100 ## - MAIN ENTRY--PERSONAL NAME
Personal name Kaka,Sai
245 ## - TITLE STATEMENT
Title Within with him/
Statement of responsibility, etc Sai kaka and translated by Vijaya Gat
260 ## - PUBLICATION, DISTRIBUTION, ETC. (IMPRINT)
Place of publication, distribution, etc Pune
Name of publisher, distributor, etc Scion publications pvt.ltd
Date of publication, distribution, etc 2017
270 ## - ADDRESS
Address 3rd floor,Swojas House 1159,Sadashiv Peth Near Hatti Ganapati
City Pune
Postal code 411030
Electronic mail address scionpublications@rediffmail.com
300 ## - PHYSICAL DESCRIPTION
Extent 296p.
Dimensions 22cm(pkb)
700 ## - ADDED ENTRY--PERSONAL NAME
Personal name Translated by Gat,Vijaya
942 ## - ADDED ENTRY ELEMENTS (KOHA)
Source of classification or shelving scheme Dewey Decimal Classification
Item type English Books
Classification part 181.41
Call number suffix KAK
Holdings
Withdrawn status Lost status Not for loan Collection code Home library Current library Date acquired Source of acquisition Cost, normal purchase price Full call number Barcode Copy number Cost, replacement price Koha item type
      Non-fiction Ashok Vihar Ashok Vihar 04/07/2022 DBAD/PUB 350.00 181.41 KAK EN-116962 1 350.00 English Books

© Delhi Public Library
Hit Counter
free hit counter